000
00343 a2200169 4500
001
183927
020
_a
85-7319-023-X
040
_c
Magnum
100
_a
Vargas, Giselle
240
1
0
_a
Dia e noite
_l
por
245
1
0
_a
Dia e noite
300
_a
16
362
0
_a
1987
440
1
_a
Dimensão
697
_a
LITERATURA INFANTIL
942
_c
BK
999
_c
183927
_d
183927